000 00619nam a2200193Ia 4500
003 GCL
008 140319s9999 xx 000 0 ara d
040 _aGCL /
_cGCL
082 0 4 _a811.5
_bم د
100 1 _aمحمد طاهر الجبلاوى
245 1 0 _aديوان البهاء زهير /
_cمحمد طاهر الجبلاوى
700 1 _aمحمد ابوالفضل ابراهيم
260 _a[S.N] :
_bدار المعارف ،
_c1982
300 _a317 ص
490 _aذخائر العرب
_v0
650 0 4 _aالشعر العربى
650 0 4 _aالشعر - دواوين و قصائد
942 _2ddc
_cBK
999 _c52859
_d52859